[Event "Bayerische Einzelmeisterschaft 2011"]
[Site "Regensburg"]
[Date "2011.08.22"]
[Round "4.9"]
[White "Zill, Christoph"]
[Black "Shashkin, Igor"]
[Result "1/2-1/2"]
[WhiteElo "2271"]
[BlackElo "2099"]
[PlyCount "75"]
[EventDate "2011.??.??"]
[WhiteTeam "SK Freising"]
[BlackTeam "PTSV SK Hof 1892"]

1. e4 Nf6 2. e5 Nd5 3. c4 Nb6 4. d4 d6 5. f4 dxe5 6. fxe5 Nc6 7. Be3 Bf5 8. Nc3
e6 9. Nf3 Be7 10. Be2 O-O 11. O-O f6 12. exf6 Bxf6 13. Qd2 Qe7 14. Rad1 Rad8
15. Qc1 Rd7 16. Rd2 Rfd8 17. c5 Nc8 18. Bb5 Bg4 19. Bxc6 bxc6 20. Ne4 Bxf3 21.
Nxf6+ Qxf6 22. Rxf3 Qg6 23. Qc2 Qxc2 24. Rxc2 h6 25. Rc4 Ne7 26. g4 Ng6 27. Ra4
e5 28. dxe5 Nxe5 29. Rf5 Re8 30. Bf2 Rd2 31. b3 Nd3 32. Rxa7 g5 33. Rxc7 Nf4
34. h4 Ree2 35. Rc8+ Kg7 36. Rc7+ Kg8 37. Rc8+ Kg7 38. Rc7+ 1/2-1/2

[Event "Bayerische Einzelmeisterschaft 2011"]
[Site "Regensburg"]
[Date "2011.08.22"]
[Round "4.10"]
[White "Lederle, Vitus"]
[Black "Gießmann, Stephan"]
[Result "0-1"]
[WhiteElo "2214"]
[BlackElo "2237"]
[PlyCount "86"]
[EventDate "2011.??.??"]
[WhiteTeam "SC Dillingen"]
[BlackTeam "SK Kelheim 1920"]

1. e4 e6 2. d4 d5 3. Nc3 dxe4 4. Nxe4 Nd7 5. Nf3 Ngf6 6. Nxf6+ Nxf6 7. Ne5 Nd7
8. Bf4 Nxe5 9. Bxe5 Bd7 10. Bd3 Bc6 11. Qg4 Qd5 12. f3 O-O-O 13. c3 f5 14. Qg3
Bd6 15. Bxd6 cxd6 16. Qf2 Kb8 17. O-O g5 18. b4 Bb5 19. Bxb5 Qxb5 20. Rfe1 Rhe8
21. a4 Qc4 22. Qd2 h6 23. Re3 Rc8 24. Rae1 f4 25. Rd3 Qb3 26. Qd1 Qc4 27. Qd2
Rc7 28. Re4 Qb3 29. g3 fxg3 30. hxg3 Qxa4 31. d5 e5 32. c4 Rec8 33. c5 Qb5 34.
f4 gxf4 35. gxf4 Rg7+ 36. Kh2 Rcg8 37. Re2 exf4 38. Rf3 Rg4 39. Qe1 dxc5 40.
bxc5 a6 41. c6 Qxd5 42. Re8+ Rxe8 43. Qxe8+ Ka7 0-1

[Event "Bayerische Einzelmeisterschaft 2011"]
[Site "Regensburg"]
[Date "2011.08.22"]
[Round "4.11"]
[White "Heiduczek, Josef"]
[Black "Fuhrmann, Max"]
[Result "1/2-1/2"]
[WhiteElo "2199"]
[BlackElo "2153"]
[PlyCount "105"]
[EventDate "2011.??.??"]
[WhiteTeam "SC Rottal"]
[BlackTeam "SK Kelheim 1920"]

1. e4 c6 2. d4 d5 3. Nc3 dxe4 4. Nxe4 Bf5 5. Ng3 Bg6 6. h4 h6 7. Nf3 Nd7 8. h5
Bh7 9. Bd3 Bxd3 10. Qxd3 e6 11. Bf4 Qa5+ 12. Bd2 Qc7 13. O-O-O O-O-O 14. Ne4
Ngf6 15. g3 Nxe4 16. Qxe4 Nf6 17. Qe2 Bd6 18. c4 c5 19. Bc3 cxd4 20. Nxd4 a6
21. Kb1 Kb8 22. Rc1 Ka8 23. Nb3 Bc5 24. Be5 Bd6 25. Bd4 Qc6 26. Rh4 Rd7 27. c5
Bc7 28. Bxf6 gxf6 29. Nd4 Qd5 30. c6 Rd6 31. cxb7+ Kxb7 32. Nc2 Qd3 33. Rb4+
Bb6 34. Qg4 Rc8 35. Rb3 Qd2 36. a4 Rdc6 37. Qe4 Ka7 38. Rd3 f5 39. Qxc6 Qxc1+
40. Kxc1 Rxc6 41. Rf3 Rc4 42. b3 Rg4 43. Kd2 Rg5 44. Ke2 Rxh5 45. Rd3 Kb7 46.
Rd7+ Kc6 47. Rxf7 Rh2 48. Ne3 a5 49. Re7 Kd6 50. Rb7 Kc6 51. Re7 Kd6 52. Rb7
Kc6 53. Re7 1/2-1/2

[Event "Bayerische Einzelmeisterschaft 2011"]
[Site "Regensburg"]
[Date "2011.08.22"]
[Round "4.12"]
[White "Graf, Christian"]
[Black "Miskevicer, Boris"]
[Result "1-0"]
[WhiteElo "2121"]
[BlackElo "2187"]
[PlyCount "143"]
[EventDate "2011.??.??"]
[WhiteTeam "SGem Pang/Rosenheim"]
[BlackTeam "SG Schwabing München Nord e.V."]

1. e4 c5 2. Nf3 d6 3. c3 Nf6 4. h3 Nc6 5. Bd3 e5 6. O-O Be7 7. Bc2 b5 8. Re1
O-O 9. a4 b4 10. d4 cxd4 11. cxd4 a5 12. d5 Nb8 13. Nbd2 Nfd7 14. Nb3 Kh8 15.
Be3 g6 16. Nfd2 f5 17. f3 f4 18. Bf2 h5 19. Bd3 g5 20. Kf1 Nf6 21. Ke2 g4 22.
hxg4 hxg4 23. Rh1+ Kg7 24. Qc2 Rh8 25. Rac1 Rxh1 26. Rxh1 g3 27. Bg1 Bd7 28.
Bb5 Bxb5+ 29. axb5 a4 30. Nc1 Nbd7 31. Nd3 a3 32. bxa3 bxa3 33. Nb3 a2 34. Na1
Qa5 35. b6 Nxb6 36. Qc7 Nc8 37. Qxa5 Rxa5 38. Nc1 Bd8 39. Ncb3 Ra4 40. Kd3 Ne8
41. Kc3 Nc7 42. Nc1 Nb5+ 43. Kb2 Ba5 44. Nxa2 Nc3 45. Nc1 Nd1+ 46. Kc2 Rxa1 47.
Kxd1 Bb4 48. Kc2 Ba3 49. Ne2 Bc5 50. Nc1 Ba3 51. Ne2 Re1 52. Kd2 Bb4+ 53. Kd3
Nb6 54. Rh5 Rd1+ 55. Kc2 Rd2+ 56. Kb3 Rxe2 57. Bxb6 Be1 58. Bc7 Rxg2 59. Bxd6
Rh2 60. Rg5+ Kh6 61. Rg8 Kh7 62. Rg4 g2 63. Bxe5 Bg3 64. Bd4 Rh1 65. Kc2 Re1
66. d6 Re2+ 67. Kd3 Re1 68. Kd2 Rb1 69. d7 Rb2+ 70. Kc3 Rb8 71. e5 Rd8 72. e6
1-0

[Event "Bayerische Einzelmeisterschaft 2011"]
[Site "Regensburg"]
[Date "2011.08.22"]
[Round "4.13"]
[White "Dauer, Christina"]
[Black "Hornung, Hans"]
[Result "1/2-1/2"]
[WhiteElo "1896"]
[BlackElo "2158"]
[PlyCount "61"]
[EventDate "2011.??.??"]
[WhiteTeam "Spgem Kötz/Ichenhausen"]
[BlackTeam "SK Klosterlechfeld"]

1. e4 g6 2. d4 Bg7 3. Nf3 d6 4. Bc4 Nf6 5. e5 dxe5 6. Nxe5 O-O 7. O-O c5 8. c3
Nfd7 9. Nxf7 Rxf7 10. Bxf7+ Kxf7 11. dxc5 Qc7 12. Qd5+ e6 13. Qf3+ Kg8 14. Re1
Nxc5 15. Na3 Bd7 16. Bf4 Qc6 17. Qxc6 Bxc6 18. Rad1 Nbd7 19. f3 e5 20. Be3 e4
21. fxe4 Nxe4 22. Bd4 Ndf6 23. Nc4 b6 24. Ne5 Bb7 25. Rd3 Rd8 26. Rde3 Nd6 27.
Nd3 Nd5 28. Re6 Bxd4+ 29. cxd4 Bc8 30. Rxd6 Rxd6 31. Re8+ 1/2-1/2

[Event "Bayerische Einzelmeisterschaft 2011"]
[Site "Regensburg"]
[Date "2011.08.24"]
[Round "5.1"]
[White "Reich, Thomas"]
[Black "Lentrodt, Thomas"]
[Result "1/2-1/2"]
[WhiteElo "2391"]
[BlackElo "2307"]
[PlyCount "110"]
[EventDate "2011.??.??"]
[WhiteTeam "FC Bayern München e.V."]
[BlackTeam "FC Bayern München e.V."]

1. d4 Nf6 2. c4 e6 3. Nc3 d5 4. cxd5 exd5 5. Bg5 c6 6. e3 Bd6 7. Qc2 Nbd7 8.
Bd3 h6 9. Bh4 O-O 10. Nge2 Re8 11. Bg3 Nf8 12. O-O Nh5 13. Bxd6 Qxd6 14. Rab1
Bd7 15. b4 b6 16. Rfc1 Nf6 17. Bf5 Ne6 18. Ng3 Rac8 19. Qd3 Rc7 20. a3 Rec8 21.
Rd1 Nd8 22. h3 Nb7 23. Rbc1 Qe7 24. e4 dxe4 25. Ncxe4 Bxf5 26. Nxf6+ Qxf6 27.
Qxf5 Qxf5 28. Nxf5 Kf8 29. g4 Rd8 30. b5 Rdc8 31. bxc6 Rxc6 32. Rxc6 Rxc6 33.
Re1 Rc7 34. Kg2 Rd7 35. Rc1 Nd6 36. Ne3 Ke7 37. a4 Kd8 38. Rc6 g6 39. Kf3 Ne8
40. Ke4 Re7+ 41. Kd3 Rc7 42. Rxc7 Kxc7 43. d5 Nd6 44. Kd4 Kd7 45. h4 a6 46. f3
Ke7 47. Nd1 Nb7 48. Nc3 Nc5 49. g5 hxg5 50. hxg5 Nb7 51. Ne4 Nd6 52. Nf6 Nf5+
53. Ke5 Nd6 54. Ne4 Nc4+ 55. Kd4 Nd6 1/2-1/2

[Event "Bayerische Einzelmeisterschaft 2011"]
[Site "Regensburg"]
[Date "2011.08.24"]
[Round "5.2"]
[White "Krauß, Josef"]
[Black "Singer, Christoph"]
[Result "1/2-1/2"]
[WhiteElo "2160"]
[BlackElo "2380"]
[PlyCount "58"]
[EventDate "2011.??.??"]
[WhiteTeam "SV Würzburg von 1865 e.V."]
[BlackTeam "SC Tarrasch 45 München"]

1. e4 e5 2. Nf3 Nc6 3. d4 exd4 4. Nxd4 Bb4+ 5. c3 Bc5 6. Be3 Bb6 7. Nd2 Nf6 8.
Be2 O-O 9. O-O Re8 10. Nxc6 bxc6 11. Bg5 h6 12. Bh4 g5 13. Bg3 Nxe4 14. Nxe4
Rxe4 15. Bd3 Re8 16. Kh1 d6 17. Qh5 Qf6 18. f4 Qg7 19. fxg5 Be3 20. gxh6 Bxh6
21. Rxf7 Qxf7 22. Bg6 Qg7 23. Bxe8 Bg4 24. Qg6 Qxg6 25. Bxg6 Rb8 26. b3 Bg7 27.
Rc1 Rb5 28. c4 Ra5 29. h3 Bxh3 1/2-1/2

[Event "Bayerische Einzelmeisterschaft 2011"]
[Site "Regensburg"]
[Date "2011.08.24"]
[Round "5.4"]
[White "Gießmann, Stephan"]
[Black "Fedorovsky, Michael"]
[Result "1/2-1/2"]
[WhiteElo "2237"]
[BlackElo "2416"]
[PlyCount "120"]
[EventDate "2011.??.??"]
[WhiteTeam "SK Kelheim 1920"]
[BlackTeam "SC Tarrasch 45 München"]

1. d4 Nf6 2. Nf3 e6 3. Bg5 c5 4. c3 h6 5. Bf4 b6 6. e3 Be7 7. Nbd2 O-O 8. h3
cxd4 9. exd4 d6 10. Bd3 Ba6 11. c4 Nc6 12. Qa4 Bb7 13. O-O Qd7 14. Qb3 e5 15.
dxe5 dxe5 16. Bxe5 Rad8 17. Bxf6 Qxd3 18. Qxd3 Rxd3 19. Bxe7 Nxe7 20. Rfe1 Ng6
21. Re3 Rfd8 22. Rxd3 Rxd3 23. Re1 Kf8 24. Re3 Rd7 25. g3 f6 26. Kf1 Ne5 27.
Nxe5 Rxd2 28. Rd3 Rxb2 29. Rd8+ Ke7 30. Rd7+ Ke6 31. Rxb7 Kxe5 32. Rxa7 g5 33.
a4 Rc2 34. a5 bxa5 35. Rxa5+ Ke4 36. Rc5 h5 37. Kg2 Rc3 38. Rc8 Kf5 39. c5 h4
40. gxh4 gxh4 41. c6 Kf4 42. c7 f5 43. Rh8 Rxc7 44. Rxh4+ Kg5 45. Ra4 Rc3 46.
h4+ Kh5 47. f3 Rc6 48. Kg3 Kg6 49. Kf4 Rb6 50. Rd4 Kf6 51. h5 Ra6 52. h6 Kg6
53. h7 Kxh7 54. Kxf5 Kg7 55. Rd7+ Kf8 56. f4 Rb6 57. Rh7 Rc6 58. Kg5 Rb6 59. f5
Rc6 60. f6 Rc1 1/2-1/2

[Event "Bayerische Einzelmeisterschaft 2011"]
[Site "Regensburg"]
[Date "2011.08.24"]
[Round "5.5"]
[White "Golda, Harald"]
[Black "Schmid, Roland"]
[Result "1-0"]
[WhiteElo "2334"]
[BlackElo "2189"]
[PlyCount "39"]
[EventDate "2011.??.??"]
[WhiteTeam "Schachklub Schweinfurt 2000 e.V."]
[BlackTeam "TSV Wacker Neutraubling"]

1. d4 e6 2. Nf3 f5 3. c4 Nf6 4. Nc3 Bb4 5. Bd2 b6 6. g3 Bb7 7. Bg2 O-O 8. O-O
d6 9. d5 Bxc3 10. Bxc3 e5 11. Ng5 Qe7 12. Ne6 Rc8 13. f4 e4 14. Bh3 g6 15. Qd4
Nbd7 16. g4 fxg4 17. Bxg4 b5 18. Ng5 b4 19. Be6+ Kg7 20. Bxb4 1-0

[Event "Bayerische Einzelmeisterschaft 2011"]
[Site "Regensburg"]
[Date "2011.08.24"]
[Round "5.6"]
[White "Wagner, Florian"]
[Black "Nuber, Korbinian"]
[Result "0-1"]
[WhiteElo "2253"]
[BlackElo "2245"]
[PlyCount "66"]
[EventDate "2011.??.??"]
[WhiteTeam "SC Noris-Tarrasch Nürnberg 1873"]
[BlackTeam "SC Dillingen"]

1. Nf3 d5 2. g3 Nf6 3. Bg2 b6 4. O-O Bb7 5. d3 Nbd7 6. Nbd2 e6 7. b3 c5 8. Bb2
Be7 9. e3 Qc7 10. Qe2 O-O 11. Rad1 b5 12. e4 a5 13. exd5 Bxd5 14. c4 bxc4 15.
bxc4 Bc6 16. Ne4 Rab8 17. Bc3 Rfd8 18. Neg5 Nf8 19. Qe1 Rdc8 20. Ne5 Be8 21.
Bxa5 Qa7 22. Bc3 h6 23. Nh3 Qxa2 24. Ra1 Qb3 25. Ra7 Bd6 26. Qa1 Qb6 27. Re1
Qd8 28. Nf4 Rb3 29. Bb7 Rb8 30. Ba8 Rxc3 31. Qxc3 Rxa8 32. Rea1 Rxa7 33. Rxa7
Qb8 0-1

[Event "Bayerische Einzelmeisterschaft 2011"]
[Site "Regensburg"]
[Date "2011.08.24"]
[Round "5.8"]
[White "Schindler, Viktor"]
[Black "Graf, Christian"]
[Result "1/2-1/2"]
[WhiteElo "2168"]
[BlackElo "2121"]
[PlyCount "53"]
[EventDate "2011.??.??"]
[WhiteTeam "PTSV SK Hof 1892"]
[BlackTeam "SGem Pang/Rosenheim"]

1. e4 c6 2. d4 d5 3. e5 Bf5 4. Nf3 e6 5. Be2 c5 6. Be3 cxd4 7. Nxd4 Ne7 8. Nd2
Nbc6 9. N2f3 Bg4 10. O-O Bxf3 11. Nxf3 Nf5 12. Bf4 Be7 13. g4 Nh4 14. Nxh4 Bxh4
15. Bd3 Bg5 16. Bg3 g6 17. f4 Bh4 18. a3 Qb6+ 19. Kg2 Bxg3 20. hxg3 O-O-O 21.
b4 Kb8 22. c3 h5 23. a4 hxg4 24. Qxg4 Qe3 25. Rad1 Rh5 26. Qe2 Qxe2+ 27. Bxe2
1/2-1/2

[Event "Bayerische Einzelmeisterschaft 2011"]
[Site "Regensburg"]
[Date "2011.08.24"]
[Round "5.9"]
[White "Lipok, Christoph"]
[Black "Zill, Christoph"]
[Result "1/2-1/2"]
[WhiteElo "2175"]
[BlackElo "2271"]
[PlyCount "52"]
[EventDate "2011.??.??"]
[WhiteTeam "Spgem Kötz/Ichenhausen"]
[BlackTeam "SK Freising"]

1. d4 Nf6 2. c4 e6 3. Nc3 Bb4 4. Qc2 Nc6 5. Nf3 d6 6. Bg5 h6 7. Bd2 Qe7 8. e4
Bxc3 9. Bxc3 e5 10. d5 Nb8 11. Be2 O-O 12. g3 Bh3 13. Nh4 g6 14. Bf1 Bxf1 15.
Kxf1 c6 16. Ng2 cxd5 17. cxd5 Nbd7 18. f3 Rac8 19. Ne3 Rc7 20. Qd2 Rfc8 21. Rc1
Nc5 22. Kg2 Kh7 23. Qc2 Qd7 24. Qe2 Qa4 25. b3 Qd7 26. Bd2 Na6 1/2-1/2

[Event "Bayerische Einzelmeisterschaft 2011"]
[Site "Regensburg"]
[Date "2011.08.24"]
[Round "5.10"]
[White "Shashkin, Igor"]
[Black "Lederle, Vitus"]
[Result "0-1"]
[WhiteElo "2099"]
[BlackElo "2214"]
[PlyCount "74"]
[EventDate "2011.??.??"]
[WhiteTeam "PTSV SK Hof 1892"]
[BlackTeam "SC Dillingen"]

1. e4 c5 2. Nf3 Nc6 3. Bb5 Na5 4. c3 a6 5. Be2 e6 6. d4 cxd4 7. cxd4 Bb4+ 8.
Bd2 Bxd2+ 9. Qxd2 d5 10. e5 Ne7 11. O-O O-O 12. Bd3 Bd7 13. Nc3 Rc8 14. Rac1
Nc4 15. Qe2 b5 16. b3 Na3 17. Nb1 Nxb1 18. Bxb1 h6 19. Qd3 g6 20. g4 Nc6 21.
Kg2 Kg7 22. h4 Be8 23. h5 f5 24. exf6+ Qxf6 25. Ne5 Qg5 26. Qg3 Rf4 27. f3 gxh5
28. Rxc6 Rxc6 29. Qe1 hxg4 30. fxg4 Rxg4+ 31. Nxg4 Qxg4+ 32. Kh2 Qh5+ 33. Kg1
Bg6 34. Rf2 Qg5+ 35. Kh2 Rc1 36. Qxe6 Qg1+ 37. Kh3 Rc3+ 0-1

[Event "Bayerische Einzelmeisterschaft 2011"]
[Site "Regensburg"]
[Date "2011.08.24"]
[Round "5.11"]
[White "Fuhrmann, Max"]
[Black "Heimrath, Reiner"]
[Result "0-1"]
[WhiteElo "2153"]
[BlackElo "2309"]
[PlyCount "72"]
[EventDate "2011.??.??"]
[WhiteTeam "SK Kelheim 1920"]
[BlackTeam "SC Noris-Tarrasch Nürnberg 1873"]

1. e4 g6 2. d4 Bg7 3. Nf3 d6 4. c3 h6 5. Bd3 Nd7 6. O-O e5 7. Nbd2 Ne7 8. Re1
O-O 9. Qb3 exd4 10. cxd4 Nc6 11. Qc3 Qf6 12. Nb3 a5 13. Bb5 a4 14. Bxc6 bxc6
15. Na5 c5 16. Nc6 Ra6 17. e5 dxe5 18. Ncxe5 cxd4 19. Qxc7 Re6 20. Nxd7 Rxe1+
21. Nxe1 Qe7 22. Bd2 Qxd7 23. Qxd7 Bxd7 24. b3 Re8 25. Nf3 g5 26. h3 Ra8 27.
Rd1 Be6 28. Rb1 Rb8 29. Ba5 Rb5 30. Bc7 d3 31. Nd2 Rc5 32. Bb6 Rc2 33. Be3 a3
34. Nc4 Rxa2 35. Bc5 Bxc4 36. bxc4 Rb2 0-1

[Event "Bayerische Einzelmeisterschaft 2011"]
[Site "Regensburg"]
[Date "2011.08.24"]
[Round "5.12"]
[White "Hornung, Hans"]
[Black "Heiduczek, Josef"]
[Result "1/2-1/2"]
[WhiteElo "2158"]
[BlackElo "2199"]
[PlyCount "82"]
[EventDate "2011.??.??"]
[WhiteTeam "SK Klosterlechfeld"]
[BlackTeam "SC Rottal"]

1. Nf3 d6 2. d4 f5 3. g3 Nf6 4. Bg2 g6 5. O-O Bg7 6. b3 O-O 7. Bb2 Qe8 8. Nbd2
Nc6 9. c4 e5 10. d5 Ne7 11. c5 dxc5 12. Nxe5 Nexd5 13. e4 Ne7 14. Qc2 c6 15.
Qc4+ Kh8 16. Qxc5 fxe4 17. Rfe1 Bf5 18. Nxe4 Nxe4 19. Bxe4 Bxe4 20. Rxe4 Nd5
21. Rae1 Qc8 22. Rh4 Qf5 23. g4 Qg5 24. Rh3 Kg8 25. Bc1 Qd8 26. Rd3 Qh4 27.
Rxd5 cxd5 28. Qxd5+ Kh8 29. Nf7+ Rxf7 30. Qxf7 Qxg4+ 31. Kh1 Qc8 32. Ba3 Qc6+
33. Kg1 Rd8 34. h3 h6 35. Kh2 Qc3 36. Re2 Be5+ 37. f4 Rd3 38. Qe8+ Kh7 39. Qe7+
Bg7 40. Qe6 Rd2 41. Bd6 Rxe2+ 1/2-1/2

[Event "Bayerische Einzelmeisterschaft 2011"]
[Site "Regensburg"]
[Date "2011.08.24"]
[Round "5.13"]
[White "Stöver, Leon"]
[Black "Dauer, Christina"]
[Result "0-1"]
[WhiteElo "1919"]
[BlackElo "1896"]
[PlyCount "66"]
[EventDate "2011.??.??"]
[WhiteTeam "TuS Geretsried"]
[BlackTeam "Spgem Kötz/Ichenhausen"]

1. e4 e6 2. d4 d5 3. Nc3 Bb4 4. exd5 exd5 5. Qf3 c6 6. Bd3 Nd7 7. Bf4 Ndf6 8.
Nge2 Ne7 9. O-O-O b5 10. Rde1 O-O 11. Bg5 Bg4 12. Qg3 Nf5 13. Bxf5 Bxf5 14. Nf4
Qd6 15. Re5 Bg6 16. Nxg6 hxg6 17. Bf4 Qd7 18. Re2 Nh5 19. Qe3 Nxf4 20. Qxf4
Rfe8 21. Rhe1 a5 22. Kd2 a4 23. a3 Ba5 24. f3 Rxe2+ 25. Rxe2 b4 26. axb4 Bxb4
27. Qg4 Qxg4 28. fxg4 a3 29. Re1 Kf8 30. Kd3 axb2 31. Rb1 Ra3 32. Rxb2 Rxc3+
33. Kd2 Rb3+ 0-1

[Event "Bayerische Einzelmeisterschaft 2011"]
[Site "Regensburg"]
[Date "2011.08.24"]
[Round "5.14"]
[White "Miskevicer, Boris"]
[Black "Kretschel, Klaus"]
[Result "1-0"]
[WhiteElo "2187"]
[BlackElo "2103"]
[PlyCount "119"]
[EventDate "2011.??.??"]
[WhiteTeam "SG Schwabing München Nord e.V."]
[BlackTeam "SC Unterpfaffenhofen"]

1. d4 f5 2. c4 Nf6 3. Nc3 g6 4. f3 d5 5. cxd5 Nxd5 6. e4 Nxc3 7. bxc3 Bg7 8.
Be3 O-O 9. Bc4+ Kh8 10. Qd2 e5 11. Ne2 fxe4 12. fxe4 Nc6 13. d5 Na5 14. Bd3 b6
15. O-O-O Qe7 16. c4 c6 17. Kb1 Ba6 18. Rc1 Rad8 19. Rhd1 Nb7 20. Ng1 Nc5 21.
Bxc5 bxc5 22. Nf3 Qd6 23. h4 Rb8+ 24. Ka1 Rf7 25. Ng5 Rfb7 26. Be2 h6 27. Ne6
Rb4 28. a3 Rb3 29. Rc3 cxd5 30. Rxb3 Rxb3 31. Qxd5 Qxd5 32. Rxd5 Rxa3+ 33. Kb2
Re3 34. Bd3 Bc8 35. Rd8+ Kh7 36. Rxc8 Rxd3 37. Rc7 Rd2+ 38. Kc3 Rxg2 39. Rxg7+
Kh8 40. Rxa7 Rg3+ 41. Kd2 Rh3 42. Ra8+ Kh7 43. Ra7+ Kh8 44. Nf8 Rh2+ 45. Ke3
Rh3+ 46. Kf2 g5 47. hxg5 hxg5 48. Ng6+ Kg8 49. Nxe5 Rc3 50. Rc7 g4 51. Rxc5 g3+
52. Kg2 Re3 53. Ng4 Re2+ 54. Kxg3 Kf8 55. Kf4 Ke7 56. Ke5 Rg2 57. Kf5 Rg1 58.
e5 Rf1+ 59. Ke4 Rg1 60. Ne3 1-0

[Event "Bayerische Einzelmeisterschaft 2011"]
[Site "Regensburg"]
[Date "2011.08.25"]
[Round "6.1"]
[White "Singer, Christoph"]
[Black "Reich, Thomas"]
[Result "1/2-1/2"]
[WhiteElo "2380"]
[BlackElo "2391"]
[PlyCount "25"]
[EventDate "2011.??.??"]
[WhiteTeam "SC Tarrasch 45 München"]
[BlackTeam "FC Bayern München e.V."]

1. e4 c5 2. Nf3 g6 3. d4 cxd4 4. Qxd4 Nf6 5. Nc3 Nc6 6. Qa4 d6 7. e5 dxe5 8.
Nxe5 Bd7 9. Nxd7 Qxd7 10. Be3 Bg7 11. Be2 O-O 12. O-O a6 13. Rad1 1/2-1/2

[Event "Bayerische Einzelmeisterschaft 2011"]
[Site "Regensburg"]
[Date "2011.08.25"]
[Round "6.2"]
[White "Pohl-Kuemmel, Jens-Uwe"]
[Black "Golda, Harald"]
[Result "1-0"]
[WhiteElo "2287"]
[BlackElo "2334"]
[PlyCount "51"]
[EventDate "2011.??.??"]
[WhiteTeam "TSV Wacker Neutraubling"]
[BlackTeam "Schachklub Schweinfurt 2000 e.V."]

1. d4 Nf6 2. Nf3 c5 3. e3 cxd4 4. exd4 d5 5. c4 e6 6. Nc3 Be7 7. Bd3 dxc4 8.
Bxc4 O-O 9. O-O Nc6 10. a3 b6 11. Bg5 Bb7 12. Ba2 Rc8 13. Re1 Rc7 14. Qd3 Rd7
15. Rad1 Qa8 16. Rxe6 fxe6 17. Bxe6+ Rf7 18. Bxf7+ Kxf7 19. d5 Kg8 20. Qf5 Qd8
21. Rd2 Nb8 22. Qe6+ Kh8 23. Ne5 Bf8 24. Bxf6 gxf6 25. Nf7+ Rxf7 26. Qxf7 1-0

[Event "Bayerische Einzelmeisterschaft 2011"]
[Site "Regensburg"]
[Date "2011.08.25"]
[Round "6.3"]
[White "Lentrodt, Thomas"]
[Black "Schatz, Christian"]
[Result "1-0"]
[WhiteElo "2307"]
[BlackElo "2204"]
[PlyCount "140"]
[EventDate "2011.??.??"]
[WhiteTeam "FC Bayern München e.V."]
[BlackTeam "SK Schwanstetten 79 e.V."]

1. e4 c5 2. b3 Nc6 3. Bb2 d6 4. Nf3 e5 5. c3 Nf6 6. d3 g6 7. Nbd2 Bg7 8. d4 O-O
9. dxe5 dxe5 10. Be2 Be6 11. O-O Qc7 12. Qc2 Nh5 13. Ng5 Nf4 14. Bc4 Bxc4 15.
Nxc4 Qd8 16. Nf3 Qd3 17. Qxd3 Nxd3 18. Rad1 Rad8 19. Bc1 b5 20. Nb2 Nxc1 21.
Rxc1 Rd7 22. Rfd1 Rfd8 23. Rxd7 Rxd7 24. Rd1 Rxd1+ 25. Nxd1 Bh6 26. Kf1 f6 27.
Ke2 Kf7 28. Nb2 Ke6 29. Kd3 Bc1 30. Nd1 h5 31. Ng1 Bh6 32. Ne2 h4 33. h3 f5 34.
Ng1 f4 35. Nf3 g5 36. Nb2 Kf6 37. Nd2 Bf8 38. Nf3 Be7 39. Nh2 Ke6 40. Nd1 a6
41. Ke2 Kf6 42. Kf3 Kg6 43. Ng4 Bd6 44. Ke2 Bf8 45. Nb2 Kf7 46. Nh2 Be7 47. Nd3
Bd6 48. Nf3 Kf6 49. Nfe1 Na5 50. Nb2 Nc6 51. Ned3 Kg6 52. Kd1 Kh5 53. f3 Kg6
54. c4 Na5 55. b4 Nb7 56. bxc5 Nxc5 57. Nxc5 Bxc5 58. Nd3 Bd4 59. cxb5 axb5 60.
Kc2 Kf6 61. Kb3 Ke6 62. Kb4 Kd6 63. Kxb5 Kc7 64. a4 Kd6 65. Nb4 Bf2 66. a5 Be3
67. Nc6 Bf2 68. a6 Kc7 69. Nxe5 Kb8 70. Nf7 Ka7 1-0

[Event "Bayerische Einzelmeisterschaft 2011"]
[Site "Regensburg"]
[Date "2011.08.25"]
[Round "6.4"]
[White "Nuber, Korbinian"]
[Black "Krauß, Josef"]
[Result "1-0"]
[WhiteElo "2245"]
[BlackElo "2160"]
[PlyCount "143"]
[EventDate "2011.??.??"]
[WhiteTeam "SC Dillingen"]
[BlackTeam "SV Würzburg von 1865 e.V."]

1. e4 d6 2. d4 Nf6 3. Nc3 e5 4. Nf3 Nbd7 5. Bc4 Be7 6. O-O O-O 7. a4 exd4 8.
Qxd4 Nb6 9. Ba2 Bg4 10. Qd3 Nbd7 11. Nd4 Ne5 12. Qe3 c5 13. Nde2 Nc6 14. Nf4
Nb4 15. Qd2 Nxa2 16. Rxa2 Qd7 17. f3 Be6 18. Ra1 Rfd8 19. Rd1 Qc6 20. Qe2 Rd7
21. Nfd5 Ne8 22. Bf4 Bf6 23. Qb5 Bd4+ 24. Kf1 Kf8 25. Be3 Bxc3 26. Nxc3 Rad8
27. Qxc6 bxc6 28. e5 c4 29. exd6 Nxd6 30. Bc5 Ke8 31. Bxd6 Rxd6 32. Rxd6 Rxd6
33. Rd1 Bd5 34. b4 cxb3 35. cxb3 Ke7 36. b4 Rd7 37. Kf2 Ke6 38. Ke3 a6 39. Ne4
Ra7 40. Nc5+ Kd6 41. Kd4 Ra8 42. a5 Ra7 43. Re1 Be6 44. h4 Ra8 45. h5 h6 46. f4
Ra7 47. Re5 Bd5 48. g3 Bf3 49. f5 Bxh5 50. f6 g5 51. Ne4+ Kc7 52. Re7+ Kb8 53.
Nd6 Bg6 54. Kc5 Rxe7 55. fxe7 f6 56. e8=Q+ Bxe8 57. Nxe8 f5 58. Kd4 h5 59. Ng7
h4 60. gxh4 gxh4 61. Ke3 Kc7 62. Ne6+ Kb7 63. Nc5+ Ka7 64. Kf4 Ka8 65. Nxa6 Kb7
66. Nc5+ Ka7 67. Kf3 Ka8 68. Ne6 Kb7 69. Nd4 Kc7 70. Nxf5 c5 71. b5 h3 72. Ke4
1-0

[Event "Bayerische Einzelmeisterschaft 2011"]
[Site "Regensburg"]
[Date "2011.08.25"]
[Round "6.6"]
[White "Fedorovsky, Michael"]
[Black "Schindler, Viktor"]
[Result "1/2-1/2"]
[WhiteElo "2416"]
[BlackElo "2168"]
[PlyCount "88"]
[EventDate "2011.??.??"]
[WhiteTeam "SC Tarrasch 45 München"]
[BlackTeam "PTSV SK Hof 1892"]

1. d4 Nf6 2. c4 g6 3. Nc3 d5 4. cxd5 Nxd5 5. e4 Nxc3 6. bxc3 Bg7 7. Be3 c5 8.
Qd2 Qa5 9. Nf3 Nc6 10. Rc1 cxd4 11. cxd4 Qxd2+ 12. Kxd2 O-O 13. d5 Rd8 14. Ke1
Ne5 15. Nxe5 Bxe5 16. f4 Bd6 17. Bc4 e5 18. Rf1 Bd7 19. fxe5 Bxe5 20. Bf4 Re8
21. d6 Bb2 22. Bxf7+ Kxf7 23. Be5+ Kg8 24. Bxb2 Rxe4+ 25. Kd2 Bc6 26. Rfe1 Rd8
27. Rxe4 Bxe4 28. Be5 Rd7 29. g4 Kf7 30. Rc8 Bc6 31. Ke3 Ke6 32. Re8+ Kd5 33.
Bg3 Rf7 34. Rd8 Ke6 35. Rc8 Rf3+ 36. Ke2 Rf7 37. Ke3 Rf3+ 38. Ke2 Rf7 39. Ke3
Kd5 40. Rc7 Rxc7 41. dxc7 Bd7 42. Kf3 b5 43. Be1 Kc6 44. Ba5 b4 1/2-1/2

[Event "Bayerische Einzelmeisterschaft 2011"]
[Site "Regensburg"]
[Date "2011.08.25"]
[Round "6.7"]
[White "Heimrath, Reiner"]
[Black "Graf, Christian"]
[Result "1/2-1/2"]
[WhiteElo "2309"]
[BlackElo "2121"]
[PlyCount "110"]
[EventDate "2011.??.??"]
[WhiteTeam "SC Noris-Tarrasch Nürnberg 1873"]
[BlackTeam "SGem Pang/Rosenheim"]

1. e4 c6 2. d3 d5 3. Nd2 e5 4. Ngf3 Bd6 5. d4 exd4 6. exd5 Nf6 7. Nxd4 Nxd5 8.
Nc4 Bc7 9. Qe2+ Qe7 10. Bg5 Qxe2+ 11. Bxe2 O-O 12. O-O Nf4 13. Bf3 Ne6 14. Nxe6
Bxe6 15. Be2 Nd7 16. Rfd1 Nb6 17. Na5 Rab8 18. a4 Nd5 19. Nc4 h6 20. Bh4 Nf4
21. Bf1 g5 22. Bg3 Rbd8 23. h4 Rxd1 24. Rxd1 Rd8 25. Rxd8+ Bxd8 26. hxg5 hxg5
27. Nd6 b6 28. f3 Be7 29. Nc4 Bc5+ 30. Bf2 Bxf2+ 31. Kxf2 Bxc4 32. Bxc4 Kf8 33.
g3 Ng6 34. Ke3 Ke7 35. Ke4 f6 36. b4 Ne5 37. Bb3 Nd7 38. c3 Ne5 39. f4 gxf4 40.
gxf4 Nd7 41. Bd1 a5 42. Bg4 Nb8 43. Kd4 Kd6 44. Kc4 Na6 45. Bh5 Nc7 46. Bf7 Ke7
47. Bg8 Kd6 48. Kd4 Na6 49. Bc4 Nc7 50. Ke4 axb4 51. cxb4 b5 52. axb5 cxb5 53.
Bf1 Nd5 54. Bxb5 Nxb4 55. Kf5 Nd5 1/2-1/2

[Event "Bayerische Einzelmeisterschaft 2011"]
[Site "Regensburg"]
[Date "2011.08.25"]
[Round "6.9"]
[White "Zill, Christoph"]
[Black "Dauer, Christina"]
[Result "1-0"]
[WhiteElo "2271"]
[BlackElo "1896"]
[PlyCount "79"]
[EventDate "2011.??.??"]
[WhiteTeam "SK Freising"]
[BlackTeam "Spgem Kötz/Ichenhausen"]

1. e4 e6 2. d4 d5 3. Nc3 Bb4 4. e5 Ne7 5. a3 Bxc3+ 6. bxc3 c5 7. h4 Qc7 8. Bd2
Nbc6 9. Qg4 Nf5 10. Nf3 Bd7 11. Bd3 Nce7 12. dxc5 Qxc5 13. h5 Bb5 14. Qb4 Qxb4
15. axb4 Bxd3 16. cxd3 Nc8 17. h6 g6 18. g4 Nfe7 19. Bg5 Ng8 20. Kd2 Nb6 21.
Ra5 a6 22. b5 Nd7 23. bxa6 Rxa6 24. Rha1 f6 25. Rxa6 bxa6 26. exf6 Ngxf6 27.
Bxf6 Nxf6 28. Ne5 Nd7 29. Nxd7 Kxd7 30. Rxa6 Rc8 31. Ra7+ Rc7 32. Rxc7+ Kxc7
33. f4 Kd6 34. Ke3 Kc5 35. c4 dxc4 36. dxc4 Kxc4 37. Ke4 Kc3 38. Ke5 Kd3 39.
Kxe6 Ke4 40. f5 1-0